000 00368nam a2200157Ia 4500
003 OSt
005 20230831163625.0
008 230125s9999 xx 000 0 und d
082 _a266
_bCHAM
100 _aCHAWAL, Navin
245 0 _aMother Teresa
260 _bNew Delhi: Gulmohar Press Pvt, Ltd., 1993
_c1993
300 _a250
650 _aReligion
942 _cBK
_2ddc
999 _c129
_d129